Southville International School and Colleges
Your cart is empty.
  • Cart
  • Lists
    Public lists Eva Luna New books Lux_list list_1
    Your lists Log in to create your own lists
  • Log in to your account
  • Your cookies
  • Search history
Southville International School and Colleges
  • Advanced search
  • Recent comments
  • Most popular
  • Libraries

Log in to your account

Log in with GOOGLE


If you do not have an external account, but do have a local account, you can still log in:

  1. Home
  2. MARC view: Encyclopaedia of physical education /
Normal view MARC view ISBD view

Encyclopaedia of physical education / (Record no. 339628)

[ view plain ]
MARC details
000 -LEADER
fixed length control field 00672nam a2200253Ia 4500
008 - FIXED-LENGTH DATA ELEMENTS--GENERAL INFORMATION
fixed length control field 170711s9999 xx 000 0 und d
020 ## - INTERNATIONAL STANDARD BOOK NUMBER
International Standard Book Number 8126130369
050 ## - LIBRARY OF CONGRESS CALL NUMBER
Classification number 613.7
050 ## - LIBRARY OF CONGRESS CALL NUMBER
Item number A266 2006
100 ## - MAIN ENTRY--PERSONAL NAME
Personal name Aggarwal, Yaksha
245 ## - TITLE STATEMENT
Title Encyclopaedia of physical education /
245 ## - TITLE STATEMENT
Statement of responsibility, etc by Yaksha Aggarwal.
260 ## - PUBLICATION, DISTRIBUTION, ETC. (IMPRINT)
Place of publication, distribution, etc India :
260 ## - PUBLICATION, DISTRIBUTION, ETC. (IMPRINT)
Name of publisher, distributor, etc Anmol,
260 ## - PUBLICATION, DISTRIBUTION, ETC. (IMPRINT)
Date of publication, distribution, etc 2006
300 ## - PHYSICAL DESCRIPTION
Extent 230 pages :
300 ## - PHYSICAL DESCRIPTION
Other physical details illustrations ;
300 ## - PHYSICAL DESCRIPTION
Dimensions 24cm.
650 ## - SUBJECT ADDED ENTRY--TOPICAL TERM
Topical term or geographic name as entry element Physical education and training --
650 ## - SUBJECT ADDED ENTRY--TOPICAL TERM
Topical term or geographic name as entry element Physical education and training.
650 ## - SUBJECT ADDED ENTRY--TOPICAL TERM
General subdivision Dictionaries.
700 ## - ADDED ENTRY--PERSONAL NAME
Personal name Title : Encyclopedia of physical education.
700 ## - ADDED ENTRY--PERSONAL NAME
Personal name Title.

No items available.

Encyclopaedia of physical education /

APA

Aggarwal Y., Title : Encyclopedia of physical education & Title.Encyclopaedia of physical education. India: .

Chicago

Aggarwal Yaksha, Title : Encyclopedia of physical education and Title.Encyclopaedia of physical education. India: .

Harvard

Aggarwal Y., Title : Encyclopedia of physical education and Title.Encyclopaedia of physical education. India: .

MLA

Aggarwal Yaksha, Title : Encyclopedia of physical education and Title.India: . .

  • Print
  • Cite
  • Add to your cart (remove)
  • Save record
    BIBTEX Dublin Core MARCXML MARC (non-Unicode/MARC-8) MARC (Unicode/UTF-8) MARC (Unicode/UTF-8, Standard) MODS (XML) RIS
  • More searches
    Search for this title in:
    Other Libraries (WorldCat) Other Databases (Google Scholar) Online Stores (Bookfinder.com) Open Library (openlibrary.org)

Exporting to Dublin Core...

SOUTHVILLE LIBRARY

Southville International School and Colleges Library

1281 Tropical Ave. Cor. Luxembourg St., BF Homes International, Las Pinas City

Tel. No. 8256374 / 252358 Loc. 117/146

Powered by Koha